[Event "67th POL-ch"]
[Site "Warsaw POL"]
[Date "2010.01.16"]
[Round "8"]
[White "Markowski, Tomasz"]
[Black "Krasenkow, Michal"]
[Result "1/2-1/2"]
[WhiteElo "2629"]
[BlackElo "2656"]
[EventDate "2010.01.09"]
[PlyCount "82"]

1.g3 e5 2.c4 c6 3.Bg2 d5 4.cxd5 cxd5 5.d4 e4 6.Nc3 Nc6 7.Nh3 Bb4 8.O-O 
Nge7 9.Nf4 O-O 10.f3 f5 11.Qb3 Bxc3 12.Qxc3 Qd6 13.Qc5 Qxc5 14.dxc5 g5 15.
Nh5 h6 16.b3 Be6 17.Bb2 Kh7 18.g4 f4 19.fxe4 d4 20.e5 Bd5 21.e4 Be6 22.
Nf6+ Kg6 23.h3 Rad8 24.Rad1 Nxe5 25.Nd5 Nxd5 26.exd5 Bxd5 27.Bxd4 Bxg2 28.
Kxg2 Rd5 29.Bxe5 Rxe5 30.b4 a5 31.a3 axb4 32.axb4 Re4 33.b5 Rb4 34.Rb1 
Rxb1 35.Rxb1 Rc8 36.Rc1 Kf6 37.Kf3 Ke5 38.h4 Rc7 39.hxg5 hxg5 40.c6 Kd5 
41.Rd1+ Ke6 1/2-1/2

[Event "67th POL-ch"]
[Site "Warsaw POL"]
[Date "2010.01.16"]
[Round "8"]
[White "Mista, Aleksander"]
[Black "Dragun, Kamil"]
[Result "1-0"]
[WhiteElo "2563"]
[BlackElo "2300"]
[EventDate "2010.01.09"]
[PlyCount "109"]

1.e4 e5 2.Nf3 Nc6 3.Bb5 a6 4.Ba4 Nf6 5.O-O Be7 6.Re1 b5 7.Bb3 d6 8.c3 O-O 
9.h3 Na5 10.d4 Nxb3 11.axb3 Bb7 12.d5 c6 13.c4 Nd7 14.Nc3 f5 15.exf5 Rxf5 
16.Qd3 g6 17.Be3 cxd5 18.Nxd5 Nf6 19.Nh4 e4 20.Nxe7+ Kf7 21.Qc3 Re5 22.Bd4
b4 23.Qxb4 Rxe7 24.Bxf6 Kxf6 25.Rad1 Rd7 26.g3 Kf7 27.Ng2 Qf6 28.Nf4 a5 
29.Qd2 Qf5 30.h4 Rf8 31.Nd5 Kg8 32.Qd4 Rdf7 33.Rd2 Bxd5 34.cxd5 Rb7 35.
Qxe4 Qxe4 36.Rxe4 Rxb3 37.Re6 Rb6 38.Rc2 Kg7 39.Kg2 Rf7 40.g4 Kh6 41.f3 
Rfb7 42.Kg3 Rf7 43.h5 Rb3 44.Rf2 Kg5 45.hxg6 hxg6 46.Rxd6 Rd3 47.Ra6 Rxd5 
48.f4+ Kh6 49.f5 Rg7 50.Kf4 Rd4+ 51.Ke5 Rxg4 52.f6 Rf7 53.Ke6 Rf8 54.Rh2+ 
Kg5 55.Rxa5+ 1-0

[Event "67th POL-ch"]
[Site "Warsaw POL"]
[Date "2010.01.16"]
[Round "8"]
[White "Piorun, Kacper"]
[Black "Kempinski, Robert"]
[Result "1-0"]
[WhiteElo "2489"]
[BlackElo "2617"]
[EventDate "2010.01.09"]
[PlyCount "145"]

1.e4 c5 2.Nf3 d6 3.d4 cxd4 4.Nxd4 Nf6 5.Nc3 e6 6.g4 h6 7.g5 hxg5 8.Bxg5 
Nc6 9.Qd2 Qb6 10.Nb3 Ne5 11.Qe2 Bd7 12.Be3 Qc7 13.f4 Ng6 14.O-O-O a6 15.
Bg2 Rc8 16.Kb1 b5 17.e5 dxe5 18.fxe5 Qxe5 19.Qd3 Qc7 20.Bg5 Be7 21.h4 b4 
22.Ne4 Ne5 23.Qd2 Nc4 24.Qf2 Nxe4 25.Bxe4 Qe5 26.Rd4 Bxg5 27.hxg5 Rxh1+ 
28.Bxh1 Bb5 29.g6 fxg6 30.Be4 Ke7 31.Bxg6 Qf6 32.Qg2 Rc7 33.Qa8 Qf8 34.Qh1
Qf6 35.Qa8 Qf1+ 36.Nc1 Qf8 37.Qe4 Qf6 38.Nb3 Qf1+ 39.Nc1 Qf6 40.Nb3 Nd6 
41.Qg2 Rd7 42.Bd3 Bxd3 43.cxd3 a5 44.Rg4 Nf5 45.Nxa5 Kf7 46.Qd2 Rd4 47.Rg1
Qh6 48.Qe2 Rh4 49.Qf3 Kg8 50.Nc4 Rh2 51.Qc6 Kh7 52.Qe4 Rh4 53.Qb7 Rh3 54.
Qxb4 Rxd3 55.Qe1 Rh3 56.a4 Rh4 57.Nb6 Nd4 58.Qg3 Rh3 59.Qe5 Rh4 60.Qg3 Rh3
61.Qg2 Nf3 62.Qc2+ Kh8 63.Qc8+ Kh7 64.Qc2+ Kh8 65.Rd1 Qf6 66.Nd7 Qf5 67.
Qxf5 exf5 68.a5 Rh6 69.Nb8 Ne5 70.a6 Nc4 71.a7 Nb6 72.Rd8+ Kh7 73.Nd7 1-0

[Event "67th POL-ch"]
[Site "Warsaw POL"]
[Date "2010.01.16"]
[Round "8"]
[White "Socko, Bartosz"]
[Black "Wojtaszek, Radoslaw"]
[Result "1-0"]
[WhiteElo "2643"]
[BlackElo "2639"]
[EventDate "2010.01.09"]
[PlyCount "121"]

1.e4 c6 2.d4 d5 3.e5 Bf5 4.Nd2 e6 5.Nb3 Nd7 6.Nf3 Ne7 7.Be2 Nc8 8.O-O Ncb6
9.c3 Be7 10.Na5 Qc7 11.b4 f6 12.Bf4 fxe5 13.Nxe5 Bd6 14.Bg4 O-O-O 15.Re1 
Rhf8 16.Nxd7 Nxd7 17.Bxd6 Qxd6 18.Re3 Nf6 19.Be2 h5 20.Nb3 g5 21.Nc5 Kb8 
22.a4 g4 23.Bd3 Rde8 24.a5 Bxd3 25.Qxd3 e5 26.dxe5 Rxe5 27.Rae1 Rxe3 28.
Rxe3 Nd7 29.Ne6 Rc8 30.Nd4 Nf6 31.Re6 Qf4 32.Ne2 Qg5 33.Qg3+ Ka8 34.h4 Qg6
35.Nd4 a6 36.Kh2 Re8 37.Nxc6 bxc6 38.Rxc6 Qg7 39.Rxa6+ Kb7 40.Rb6+ Ka7 41.
f3 Qe7 42.Qd6 Qxd6+ 43.Rxd6 Rf8 44.b5 Rf7 45.Kg3 Kb7 46.Rb6+ Ka7 47.Re6 
gxf3 48.gxf3 Nd7 49.Rd6 Ne5 50.f4 Nd3 51.Rxd5 Nxf4 52.Re5 Kb7 53.c4 Nd3 
54.Rxh5 Rc7 55.Rd5 Nb4 56.a6+ Kb6 57.Rd4 Nc2 58.Rd6+ Kc5 59.b6 Rg7+ 60.Kh3
Kxd6 61.a7 1-0

[Event "67th POL-ch"]
[Site "Warsaw POL"]
[Date "2010.01.16"]
[Round "8"]
[White "Strzemiecki, Zbigniew"]
[Black "Rutkowski, Maciej"]
[Result "1/2-1/2"]
[WhiteElo "2333"]
[BlackElo "2405"]
[EventDate "2010.01.09"]
[PlyCount "107"]

1.e4 e5 2.Nf3 Nc6 3.Bc4 Bc5 4.c3 Nf6 5.d4 exd4 6.e5 d5 7.Bb5 Ne4 8.cxd4 
Bb6 9.Nc3 O-O 10.Be3 Bg4 11.Qc2 Bf5 12.Bxc6 bxc6 13.Qa4 c5 14.dxc5 Bxc5 
15.Nxe4 Bxe3 16.Ng3 Bd7 17.Qa5 Bb6 18.Qxd5 Qe8 19.Rc1 Be6 20.Qc6 Ba5+ 21.
Ke2 Bd7 22.Qe4 Bb5+ 23.Ke3 Bb6+ 24.Kf4 h6 25.Nf5 Bd7 26.Rhd1 Bxf2 27.N3d4 
c5 28.Nd6 Qd8 29.N4f5 Bxf5 30.Nxf5 Qb8 31.Kf3 Bd4 32.Nxd4 cxd4 33.Qxd4 Re8
34.Rc5 Qb7+ 35.Kf2 Re6 36.b4 Rae8 37.Ra5 a6 38.Rd5 Qc7 39.Rc5 Qe7 40.Re1 
Rd8 41.Qc3 Qg5 42.Rc8 Ree8 43.Rxd8 Rxd8 44.g3 Rd2+ 45.Re2 Qf5+ 46.Qf3 
Rxe2+ 47.Kxe2 Qc2+ 48.Ke1 Qxa2 49.Qa8+ Kh7 50.Qe4+ g6 51.h4 h5 52.Qf4 Kg8 
53.Qd4 Kh7 54.Kf1 1/2-1/2

[Event "67th POL-ch"]
[Site "Warsaw POL"]
[Date "2010.01.17"]
[Round "9"]
[White "Bobras, Piotr"]
[Black "Strzemiecki, Zbigniew"]
[Result "1/2-1/2"]
[WhiteElo "2554"]
[BlackElo "2333"]
[EventDate "2010.01.09"]
[PlyCount "122"]

1.e4 e6 2.d4 d5 3.Nc3 Nc6 4.Nf3 Nf6 5.e5 Ne4 6.Ne2 Bd7 7.Ng3 f5 8.exf6 
Qxf6 9.Bd3 Nxg3 10.hxg3 h6 11.Bg5 Qf7 12.c3 Bd6 13.Qc2 Ne7 14.Bxe7 Qxe7 
15.Bg6+ Kd8 16.O-O-O Rf8 17.Rhe1 Be8 18.Rd2 Bxg6 19.Qxg6 Rf6 20.Qg4 Kd7 
21.Ne5+ Ke8 22.Rde2 Bxe5 23.Rxe5 Kf7 24.f4 Re8 25.f5 Qd7 26.Qh5+ Kf8 27.g4
c6 28.Qh4 Kg8 29.Qh3 g5 30.Qe3 Kf7 31.Qd3 Kg7 32.Qe3 Kf7 33.a3 a5 34.Qd3 
Kg7 35.Qe3 Kf7 36.Qd3 Kg7 37.Kd2 Re7 38.Qe3 Kf7 39.Qd3 Kg7 40.Qe3 Kf7 41.
Re2 Re8 42.Qd3 Kg7 43.Qe3 Kf7 44.Ke1 a4 45.Kf1 b5 46.Kg1 Re7 47.Qf3 Kg7 
48.R2e3 Qd6 49.Qe2 Kf7 50.Qe1 Re8 51.Qb1 Kg7 52.Qe1 Kf7 53.g3 Re7 54.Kg2 
Re8 55.Rf3 Re7 56.Rfe3 Re8 57.Qe2 Re7 58.Kh3 Re8 59.Rf3 Re7 60.fxe6+ Rxe6 
61.Rff5 Qe7 1/2-1/2

[Event "67th POL-ch"]
[Site "Warsaw POL"]
[Date "2010.01.17"]
[Round "9"]
[White "Dragun, Kamil"]
[Black "Kanarek, Marcel"]
[Result "1/2-1/2"]
[WhiteElo "2300"]
[BlackElo "2393"]
[EventDate "2010.01.09"]
[PlyCount "185"]

1.e4 c5 2.Nf3 Nc6 3.c3 d5 4.e5 Bg4 5.Bb5 Qb6 6.Na3 e6 7.O-O c4 8.b3 a6 9.
Bxc6+ Qxc6 10.h3 Bxf3 11.Qxf3 b5 12.Nc2 Bc5 13.bxc4 bxc4 14.Nd4 Qc7 15.Qg3
Ne7 16.Qxg7 Rg8 17.Qf6 Ng6 18.Re1 Be7 19.Nxe6 Qc8 20.Ng7+ Kf8 21.Nf5 Bxf6 
22.exf6 Qxf5 23.Ba3+ Ne7 24.Rxe7 Qxf6 25.Re6+ Kg7 26.Rxf6 Kxf6 27.Bd6 Rge8
28.Rb1 Re6 29.Bc5 Rae8 30.Be3 Kf5 31.Kf1 h5 32.g3 R8e7 33.a4 Rc7 34.Rb8 
Kg6 35.Rd8 Rf6 36.Bd4 Re6 37.Rxd5 f6 38.Kg2 Rcc6 39.Kf3 Red6 40.Ra5 Re6 
41.Kf4 Red6 42.g4 hxg4 43.hxg4 Re6 44.Rh5 Re1 45.Be3 Ra1 46.a5 Re6 47.Bb6 
Rd6 48.Be3 Re6 49.Rc5 Ra4 50.Rd5 Ra2 51.Bb6 Ra1 52.Kg3 Rg1+ 53.Kf3 Rd1 54.
Be3 Ra1 55.Kf4 Ra2 56.Rc5 Ra4 57.f3 Ra2 58.Rxc4 Rxa5 59.d4 Ra1 60.d5 Rd6 
61.Ke4 a5 62.Rc6 Rd8 63.Bc5 Re1+ 64.Kd4 Rd1+ 65.Kc4 R8xd5 66.Ra6 R5d3 67.
f4 Rf3 68.Bd6 Kg7 69.g5 fxg5 70.Be5+ Kf7 71.fxg5 Rg1 72.Bf6 Rg4+ 73.Kb3 
Rf5 74.Rb6 Rf1 75.Ra6 Ra1 76.Kb2 Rgg1 77.g6+ Kxg6 78.Bd4+ Kf7 79.Bxg1 Rxg1
80.Rxa5 Ke6 81.Kb3 Kd6 82.Kb4 Kc6 83.Ra6+ Kb7 84.Rf6 Rg5 85.c4 Rh5 86.Rd6 
Kc7 87.Rg6 Rf5 88.Rg4 Rh5 89.Rd4 Rg5 90.Rd5 Rxd5 91.cxd5 Kd6 92.Kc4 Kd7 
93.d6 1/2-1/2

[Event "67th POL-ch"]
[Site "Warsaw POL"]
[Date "2010.01.17"]
[Round "9"]
[White "Gumula, Daniel"]
[Black "Olszewski, Michal"]
[Result "1/2-1/2"]
[WhiteElo "2312"]
[BlackElo "2562"]
[EventDate "2010.01.09"]
[PlyCount "74"]

1.d4 Nf6 2.Nf3 e6 3.c4 c5 4.Nc3 cxd4 5.Nxd4 a6 6.g3 Qc7 7.Bg2 Qxc4 8.Bf4 
Nc6 9.Nb3 Qb4 10.e4 d6 11.O-O Be7 12.Be3 Na5 13.Nd2 Nc4 14.Nxc4 Qxc4 15.
Rc1 Qb4 16.a3 Qa5 17.Qa4+ Qxa4 18.Nxa4 Bd7 19.Nb6 Rb8 20.e5 dxe5 21.Rfd1 
Bc6 22.Bxc6+ bxc6 23.Rxc6 O-O 24.b4 h5 25.Nd7 Rfd8 26.Nxf6+ gxf6 27.Rxd8+ 
Rxd8 28.Rxa6 Rd3 29.Ra7 Bf8 30.Ra8 Kg7 31.Kf1 f5 32.Ke2 e4 33.Bf4 f6 34.
Ra7+ Kg6 35.Ra6 Kf7 36.Ra7+ Kg6 37.Ra6 Kf7 1/2-1/2

[Event "67th POL-ch"]
[Site "Warsaw POL"]
[Date "2010.01.17"]
[Round "9"]
[White "Jakubowski, Krzysztof"]
[Black "Gdanski, Jacek"]
[Result "0-1"]
[WhiteElo "2502"]
[BlackElo "2509"]
[EventDate "2010.01.09"]
[PlyCount "62"]

1.e4 e5 2.Nc3 Nf6 3.Bc4 Nc6 4.d3 Na5 5.Qf3 Nxc4 6.dxc4 d6 7.h3 Be6 8.b3 
Nd7 9.Nge2 g6 10.Be3 h5 11.O-O-O Qf6 12.Nb5 Qd8 13.g4 a6 14.Nbc3 b5 15.
gxh5 Rxh5 16.cxb5 axb5 17.Nxb5 Rxa2 18.Nec3 Ra5 19.Kb2 Qb8 20.Ra1 Rxb5 21.
Nxb5 Qxb5 22.Ra7 Nc5 23.Qf6 Be7 24.Qg7 Kd7 25.Qg8 Bf6 26.Bxc5 Rh8 27.Bxd6 
Rh5 28.Bc5 Rh8 29.Bd6 Kxd6 30.c4 Qc5 31.Rd1+ Ke7 0-1

[Event "67th POL-ch"]
[Site "Warsaw POL"]
[Date "2010.01.17"]
[Round "9"]
[White "Macieja, Bartlomiej"]
[Black "Socko, Bartosz"]
[Result "1/2-1/2"]
[WhiteElo "2624"]
[BlackElo "2643"]
[EventDate "2010.01.09"]
[PlyCount "119"]

1.d4 Nf6 2.c4 g6 3.Nc3 Bg7 4.e4 d6 5.f3 O-O 6.Be3 a6 7.Bd3 c6 8.c5 b5 9.
cxd6 exd6 10.Nge2 Nbd7 11.a3 c5 12.d5 Ne5 13.O-O Nxd3 14.Qxd3 Nd7 15.f4 f5
16.exf5 Rxf5 17.b4 Bb7 18.Ng3 Rf8 19.Nge4 Qc7 20.Rac1 Rae8 21.Rfe1 Rf5 22.
h3 c4 23.Qd2 Nb6 24.Bd4 Bxd4+ 25.Qxd4 Ref8 26.Rf1 Qd8 27.Ng3 R5f7 28.f5 
gxf5 29.Nh5 Nd7 30.Kh1 Ne5 31.Rce1 Bc8 32.Re3 Ng6 33.Ne2 Qh4 34.Nef4 Ne5 
35.Rfe1 h6 36.Qb6 Qd8 37.Qd4 Kh7 38.Rg3 Re8 39.Ree3 Bd7 40.Qa7 Nd3 41.Rxe8
Qxe8 42.Rg7+ Rxg7 43.Nf6+ Kh8 44.Nxe8 Bxe8 45.Qb8 Nxf4 46.Qxe8+ Kh7 47.Qf8
Nxg2 48.Qxd6 c3 49.Qc5 Nf4 50.d6 Ne2 51.Qxf5+ Rg6 52.Qf7+ Rg7 53.Qf5+ Rg6 
54.Kh2 Nd4 55.Qf1 c2 56.d7 Nf3+ 57.Qxf3 c1=Q 58.Qf7+ Rg7 59.Qf5+ Rg6 60.
Qf7+ 1/2-1/2

[Event "67th POL-ch"]
[Site "Warsaw POL"]
[Date "2010.01.17"]
[Round "9"]
[White "Pakleza, Zbigniew"]
[Black "Bartel, Mateusz"]
[Result "0-1"]
[WhiteElo "2498"]
[BlackElo "2614"]
[EventDate "2010.01.09"]
[PlyCount "96"]

1.d4 Nf6 2.Nf3 d5 3.c3 g6 4.Bf4 Bg7 5.e3 O-O 6.h3 b6 7.Be2 Bb7 8.O-O c5 9.
Nbd2 Nc6 10.Ne5 Nd7 11.Nxc6 Bxc6 12.Nf3 Qc8 13.Bg3 a5 14.a3 a4 15.Re1 Qb7 
16.h4 Rfe8 17.h5 e5 18.hxg6 hxg6 19.Qc2 Rac8 20.Rad1 b5 21.Qb1 cxd4 22.
cxd4 e4 23.Nd2 b4 24.Bd6 b3 25.Rc1 Bb5 26.Bxb5 Qxb5 27.Rxc8 Rxc8 28.Rc1 
Qa6 29.Bb4 Bf8 30.Bc3 Bd6 31.f3 exf3 32.Nxf3 Nf6 33.Bb4 Bxb4 34.axb4 Rxc1+
35.Qxc1 Qc4 36.Qe1 Ne4 37.Ne5 Qc2 38.b5 a3 39.b6 a2 40.Kh2 Qb1 41.Qxb1 
axb1=Q 42.b7 Qxb2 43.b8=Q+ Kg7 44.Ng4 Qa3 45.Qe5+ Kh7 46.Qe8 Qd6+ 47.Ne5 
Ng5 48.g3 Qc7 0-1

[Event "67th POL-ch"]
[Site "Warsaw POL"]
[Date "2010.01.17"]
[Round "9"]
[White "Rutkowski, Maciej"]
[Black "Leniart, Arkadiusz"]
[Result "1-0"]
[WhiteElo "2405"]
[BlackElo "2439"]
[EventDate "2010.01.09"]
[PlyCount "91"]

1.d4 Nf6 2.Nf3 g6 3.g3 Bg7 4.Bg2 O-O 5.O-O d5 6.c4 c6 7.Qb3 a5 8.cxd5 a4 
9.Qd1 Nxd5 10.Nc3 Nb6 11.e3 Bg4 12.h3 Bxf3 13.Qxf3 e5 14.Rd1 exd4 15.exd4 
Na6 16.d5 Nxd5 17.Nxd5 cxd5 18.Rxd5 Qb6 19.Rb1 Nb4 20.Be3 Qe6 21.Rdd1 Nc6 
22.Qd5 Qxd5 23.Rxd5 Rfd8 24.Rb5 Rab8 25.Kh2 Nd4 26.Rb6 h6 27.Rc1 Nf5 28.
Bf4 Bd4 29.Rb4 Rbc8 30.Rxc8 Rxc8 31.g4 Bc5 32.Rxa4 b5 33.Ra8 Rxa8 34.Bxa8 
g5 35.Be5 Nd6 36.Bd5 b4 37.Kg2 Kf8 38.Kf1 Ne8 39.Ke2 f6 40.Bg3 Ke7 41.Kd3 
Nd6 42.f3 Kd7 43.Kc2 Kc7 44.Kb3 Kb6 45.Be1 Kb5 46.Be6 1-0

[Event "67th POL-ch"]
[Site "Warsaw POL"]
[Date "2010.01.17"]
[Round "9"]
[White "Stopa, Jacek"]
[Black "Swiercz, Dariusz"]
[Result "0-1"]
[WhiteElo "2494"]
[BlackElo "2474"]
[EventDate "2010.01.09"]
[PlyCount "104"]

1.e4 c5 2.Nf3 d6 3.d4 cxd4 4.Nxd4 Nf6 5.Nc3 a6 6.Bg5 e6 7.f4 Qb6 8.Qd2 Nc6
9.O-O-O Qxd4 10.Qxd4 Nxd4 11.Rxd4 Be7 12.Be2 Bd7 13.Bf3 Bc6 14.Rhd1 h6 15.
Bh4 g5 16.fxg5 Nd7 17.Nd5 Bxd5 18.exd5 e5 19.Rb4 Bxg5+ 20.Bxg5 hxg5 21.h3 
Nc5 22.Rg4 f6 23.h4 Rxh4 24.Rxh4 gxh4 25.Rh1 a5 26.Rxh4 Kf7 27.c3 Kg6 28.
Kc2 f5 29.Be2 Kg5 30.Rh7 Kf4 31.Rg7 Ke3 32.Bb5 f4 33.a4 b6 34.b4 Ne4 35.
Rg6 Rd8 36.Kb3 Ng3 37.Kc4 Kf2 38.Ba6 Kxg2 39.Kb5 f3 40.Kxb6 e4 41.bxa5 e3 
42.Re6 e2 43.Kb7 Kf2 44.Bxe2 fxe2 45.a6 Kf3 46.Rxe2 Kxe2 47.a7 Ne4 48.a5 
Nc5+ 49.Kc7 Rd7+ 50.Kb8 Rb7+ 51.Ka8 Rb1 52.c4 Na6 0-1

[Event "67th POL-ch"]
[Site "Warsaw POL"]
[Date "2010.01.17"]
[Round "9"]
[White "Wojtaszek, Radoslaw"]
[Black "Piorun, Kacper"]
[Result "1-0"]
[WhiteElo "2639"]
[BlackElo "2489"]
[EventDate "2010.01.09"]
[PlyCount "85"]

1.d4 Nf6 2.c4 g6 3.Nc3 d5 4.Qb3 dxc4 5.Qxc4 Bg7 6.e4 O-O 7.Be2 a6 8.Nf3 b5
9.Qb3 c5 10.dxc5 Be6 11.Qc2 Nbd7 12.Be3 Rc8 13.c6 Rxc6 14.Nd4 Rd6 15.Nxe6 
Rxe6 16.f3 Qa5 17.O-O b4 18.Nd1 Nb6 19.Nf2 Nfd7 20.Nd3 Rb8 21.Kh1 Na4 22.
Bf4 Ne5 23.Bd1 Qb5 24.Qxa4 Qxd3 25.Bb3 Rd6 26.Qa5 Qb5 27.Qxb5 Rxb5 28.Rac1
Rc6 29.Rxc6 Nxc6 30.Rc1 g5 31.Bd2 Rb6 32.Ba4 Ne5 33.Rc8+ Bf8 34.Bxg5 Kg7 
35.Be3 Rd6 36.Bf4 f6 37.h4 Rd4 38.h5 h6 39.Bb3 Nd3 40.Be3 Rd6 41.Kh2 a5 
42.Ra8 Nxb2 43.Rxa5 1-0